[Event "Zlin Region-chT 2223"]
[Site "Czech Republic"]
[Date "2022.10.09"]
[Round "1.6"]
[White "Konarik, Filip"]
[Black "Bacak, Petr Jr"]
[Result "0-1"]
[WhiteElo "1542"]
[BlackElo "1975"]
[PlyCount "60"]
[EventDate "2022.10.09"]
[EventType "team-tourn"]
[EventRounds "11"]
[EventCountry "CZE"]
[SourceTitle "EXT 2024"]
[Source "ChessBase"]
[SourceDate "2023.10.10"]
[SourceVersion "1"]
[SourceVersionDate "2023.10.10"]
[SourceQuality "1"]
[WhiteTeam "Valasske Mezirici"]
[BlackTeam "Kromeriz Slavia III"]
[WhiteTeamCountry "CZE"]
[BlackTeamCountry "CZE"]

1. e4 c5 2. Nf3 d6 3. d4 cxd4 4. Nxd4 Nf6 5. Nc3 a6 6. Be2 e6 7. Be3 Be7 8. Qd2 b5 9. a3 Bb7 10. f3 h5 11. 0-0-0 Nbd7 12. h3 h4 13. g4 hxg3 14. Rdg1 Nh5 15. f4 Nc5 16. Bxh5 Rxh5 17. Qe2 g6 18. Bd2 Qb6 19. Nf3 Rc8 20. Rxg3 b4 21. axb4 Qxb4 22. e5 dxe5 23. fxe5 Na4 24. Nd1 Qc5 25. Bc3 Nxc3 26. Nxc3 Qa5 27. Nb1 Bf8 28. Rhg1 Bxf3 29. Rxf3 Bh6+ 30. Kd1 Rxe5 0-1

[Event "CZE-chT2E 2122"]
[Site "Czech Republic"]
[Date "2021.11.21"]
[Round "3.8"]
[White "Tovarek, Antonin1111"]
[Black "Bacak, Petr Jr"]
[Result "1/2-1/2"]
[WhiteElo "1965"]
[BlackElo "1946"]
[PlyCount "81"]
[EventDate "2021.10.17"]
[EventType "team-tourn"]
[EventRounds "11"]
[EventCountry "CZE"]
[SourceTitle "EXT 2024"]
[Source "ChessBase"]
[SourceDate "2023.10.10"]
[SourceVersion "1"]
[SourceVersionDate "2023.10.10"]
[SourceQuality "1"]
[WhiteTeam "Jundrov Jezdci II"]
[BlackTeam "Kromeriz Slavia II"]
[WhiteTeamCountry "CZE"]
[BlackTeamCountry "CZE"]

1. e4 c5 2. Nf3 d6 3. d4 cxd4 4. Nxd4 Nf6 5. Nc3 a6 6. Bg5 Nbd7 7. Qd2 h6 8. Bh4 e6 9. Be2 Nc5 10. f3 Bd7 11. a4 Bc6 12. Bf2 Ncd7 13. 0-0 Qc7 14. b4 Ne5 15. Rfb1 Be7 16. b5 Bd7 17. b6 Qd8 18. Nd1 0-0 19. Ne3 Rc8 20. c4 Nc6 21. Ndc2 Nb8 22. Bd3 Bc6 23. Nd4 Nfd7 24. a5 Bf6 25. Ng4 Be7 26. Rd1 Ne5 27. Nxe5 dxe5 28. Nb3 Qe8 29. Nc5 Nd7 30. Nxd7 Bxd7 31. Bc2 Bc6 32. Be3 Rd8 33. Qc3 Rxd1+ 34. Rxd1 Ba4 35. c5 Bxc2 36. Qxc2 Qc6 37. Qc3 f6 38. Kf2 Rc8 39. Rc1 Kf7 40. Qb3 Rd8 41. Qc4 1/2-1/2

[Event "CZE-chT2E 1920"]
[Site "Czech Republic"]
[Date "2020.06.28"]
[Round "11.3"]
[White "Mostek, Jan"]
[Black "Bacak, Petr Jr"]
[Result "1/2-1/2"]
[WhiteElo "1897"]
[BlackElo "1943"]
[PlyCount "21"]
[EventDate "2019.10.13"]
[EventType "team-tourn"]
[EventRounds "11"]
[EventCountry "CZE"]
[SourceTitle "EXT 2024"]
[Source "ChessBase"]
[SourceDate "2023.10.10"]
[SourceVersion "1"]
[SourceVersionDate "2023.10.10"]
[SourceQuality "1"]
[WhiteTeam "Vlcnov"]
[BlackTeam "Borsice"]
[WhiteTeamCountry "CZE"]
[BlackTeamCountry "CZE"]

1. d4 Nf6 2. Nf3 g6 3. Bg5 Bg7 4. Nbd2 d5 5. e3 0-0 6. Be2 Nbd7 7. 0-0 c5 8. c3 Qb6 9. Qb3 c4 10. Qc2 h6 11. Bh4 1/2-1/2

[Event "CZE-chT2E 1920"]
[Site "Czech Republic"]
[Date "2020.02.23"]
[Round "9.6"]
[White "Bacak, Petr Jr"]
[Black "Kocian, Miroslav"]
[Result "0-1"]
[WhiteElo "1943"]
[BlackElo "1967"]
[PlyCount "82"]
[EventDate "2019.10.13"]
[EventType "team-tourn"]
[EventRounds "11"]
[EventCountry "CZE"]
[SourceTitle "EXT 2024"]
[Source "ChessBase"]
[SourceDate "2023.10.10"]
[SourceVersion "1"]
[SourceVersionDate "2023.10.10"]
[SourceQuality "1"]
[WhiteTeam "Borsice"]
[BlackTeam "Zlin"]
[WhiteTeamCountry "CZE"]
[BlackTeamCountry "CZE"]

1. e4 d6 2. d4 Nf6 3. Nc3 g6 4. Nf3 Bg7 5. h3 0-0 6. Be3 c6 7. Bd3 Qc7 8. Qd2 Nbd7 9. 0-0 b5 10. Bh6 Bb7 11. Bxg7 Kxg7 12. Rfe1 e5 13. dxe5 dxe5 14. Nh4 h6 15. Qe3 a6 16. a4 Nh5 17. Ne2 c5 18. c4 b4 19. g3 Rad8 20. Ng2 Rfe8 21. Rad1 Nf8 22. g4 Nf6 23. f3 Ne6 24. h4 Nd4 25. Nxd4 Rxd4 26. g5 hxg5 27. hxg5 Nh5 28. Kf2 Nf4 29. Nxf4 exf4 30. Qc1 Qe5 31. Rg1 Red8 32. Qc2 Qd6 33. Ke2 Rh8 34. Rg2 Bc8 35. b3 Bh3 36. Rgg1 Qe5 37. Kf2 Rh5 38. Bf1 Bxf1 39. Kxf1 Rh2 40. Qc1 Rxd1+ 41. Qxd1 Qb2 0-1

[Event "Stare Mesto op"]
[Site "Stare Mesto"]
[Date "2019.08.25"]
[Round "9"]
[White "Folkova, Martina"]
[Black "Bacak, Petr Jr"]
[Result "0-1"]
[WhiteElo "1962"]
[BlackElo "1890"]
[PlyCount "74"]
[EventDate "2019.08.17"]
[EventType "swiss"]
[EventRounds "9"]
[EventCountry "CZE"]
[SourceTitle "EXT 2020"]
[Source "ChessBase"]
[SourceDate "2019.10.17"]
[SourceVersion "1"]
[SourceVersionDate "2019.10.17"]
[SourceQuality "1"]

1. e4 c5 2. Nf3 d6 3. d4 cxd4 4. Nxd4 Nf6 5. Nc3 a6 6. Bg5 Nbd7 7. Bc4 Qb6 8. Bb3 e6 9. Qd2 Nc5 10. f3 Be7 11. 0-0-0 Qc7 12. Rhe1 0-0 13. g4 b5 14. h4 Rb8 15. h5 b4 16. Nb1 Nxb3+ 17. axb3 a5 18. Be3 Bd7 19. g5 Nxh5 20. Rh1 g6 21. Rh2 Rfc8 22. Rdh1 Bf8 23. Ne2 a4 24. bxa4 Bxa4 25. c3 Bb3 26. Rxh5 gxh5 27. Nf4 bxc3 28. bxc3 Bg7 29. Nxh5 Bxc3 30. Nxc3 Qxc3+ 31. Qxc3 Rxc3+ 32. Kd2 Rc2+ 33. Kd3 Rbc8 34. Nf6+ Kf8 35. Bd2 Ba4 36. e5 Rb2 37. Rxh7 Bc2+ 0-1

[Event "Stare Mesto op"]
[Site "Stare Mesto"]
[Date "2019.08.22"]
[Round "6"]
[White "Bacak, Petr Jr"]
[Black "Kubos, Rostislav"]
[Result "1/2-1/2"]
[WhiteElo "1890"]
[BlackElo "2144"]
[PlyCount "20"]
[EventDate "2019.08.17"]
[EventType "swiss"]
[EventRounds "9"]
[EventCountry "CZE"]
[SourceTitle "EXT 2020"]
[Source "ChessBase"]
[SourceDate "2019.10.17"]
[SourceVersion "1"]
[SourceVersionDate "2019.10.17"]
[SourceQuality "1"]

1. e4 c5 2. Nf3 e6 3. d4 cxd4 4. Nxd4 Nc6 5. Nc3 Qc7 6. Qd3 Nf6 7. Ndb5 Qb8 8. Qg3 d6 9. Be3 Be7 10. Be2 0-0 1/2-1/2

[Event "Stare Mesto op"]
[Site "Stare Mesto"]
[Date "2019.08.17"]
[Round "1"]
[White "Dobrovolsky, Ladislav"]
[Black "Bacak, Petr Jr"]
[Result "1-0"]
[WhiteElo "2253"]
[BlackElo "1890"]
[PlyCount "79"]
[EventDate "2019.08.17"]
[EventType "swiss"]
[EventRounds "9"]
[EventCountry "CZE"]
[SourceTitle "EXT 2020"]
[Source "ChessBase"]
[SourceDate "2019.10.17"]
[SourceVersion "1"]
[SourceVersionDate "2019.10.17"]
[SourceQuality "1"]

1. Nf3 Nf6 2. g3 d5 3. Bg2 g6 4. b3 Bg7 5. Bb2 0-0 6. c4 c6 7. 0-0 a5 8. a3 Nbd7 9. Qc2 a4 10. b4 dxc4 11. Qxc4 Nb6 12. Qc2 Be6 13. Nd4 Bd7 14. d3 Nfd5 15. Nd2 Re8 16. Ne4 e5 17. Nf3 Bc8 18. Nc5 Nc7 19. Rad1 Ne6 20. e4 Nxc5 21. Qxc5 Be6 22. Qe3 Bb3 23. Rc1 Nd7 24. Nd2 Be6 25. Nc4 Qe7 26. d4 exd4 27. Bxd4 Bxd4 28. Qxd4 Bxc4 29. Qxc4 Ne5 30. Qc3 Qe6 31. f4 Ng4 32. h3 Nf6 33. f5 gxf5 34. Rxf5 Nd7 35. Rg5+ Kf8 36. Qg7+ Ke7 37. Qxh7 Qb3 38. Qh4 f6 39. Rg7+ Kd8 40. Rf1 1-0

[Event "Bohuslavice op rap 32nd"]
[Site "Bohuslavice"]
[Date "2017.04.22"]
[Round "2"]
[White "Zwardon, Vojtech"]
[Black "Bacak, Petr Jr"]
[Result "1-0"]
[WhiteElo "2406"]
[BlackElo "1957"]
[PlyCount "63"]
[EventDate "2017.04.22"]
[EventType "swiss (rapid)"]
[EventRounds "9"]
[EventCountry "CZE"]
[SourceTitle "CBM 177 Extra"]
[Source "ChessBase"]
[SourceDate "2017.04.27"]
[SourceVersion "1"]
[SourceVersionDate "2017.04.27"]
[SourceQuality "1"]

1. c4 e5 2. g3 Nf6 3. Bg2 Nc6 4. Nf3 Be7 5. 0-0 0-0 6. Nc3 a6 7. d4 d6 8. b3 Re8 9. Bb2 Bg4 10. dxe5 dxe5 11. Nd5 Bc5 12. e3 Nxd5 13. cxd5 Ne7 14. e4 c6 15. Qc2 Bxf3 16. Bxf3 Bd4 17. Bxd4 exd4 18. Rad1 Qb6 19. Qc4 c5 20. b4 cxb4 21. Qxd4 Qxd4 22. Rxd4 a5 23. Rc1 Rac8 24. Rxc8 Rxc8 25. d6 Nc6 26. Rd5 a4 27. Bd1 b3 28. a3 b2 29. Rb5 Ne5 30. Rxb2 Rc1 31. Rd2 Nf3+ 32. Kg2 1-0

[Event "CZE-chT2E 1617"]
[Site "Czech Republic"]
[Date "2017.03.19"]
[Round "10.8"]
[White "Bacak, Petr Jr"]
[Black "Tichy, David"]
[Result "1/2-1/2"]
[WhiteElo "1970"]
[BlackElo "2034"]
[PlyCount "42"]
[EventDate "2016.09.10"]
[EventType "team-tourn"]
[EventRounds "11"]
[EventCountry "CZE"]
[SourceTitle "EXT 2022"]
[Source "ChessBase"]
[SourceDate "2021.10.06"]
[SourceVersion "1"]
[SourceVersionDate "2021.10.06"]
[SourceQuality "1"]
[WhiteTeam "Kromeriz Slavia II"]
[BlackTeam "Adamov"]
[WhiteTeamCountry "CZE"]
[BlackTeamCountry "CZE"]

1. Nf3 Nf6 2. c4 g6 3. Nc3 d5 4. cxd5 Nxd5 5. e4 Nxc3 6. bxc3 Bg7 7. d4 0-0 8. Be2 c5 9. 0-0 cxd4 10. cxd4 Nc6 11. Be3 b6 12. Rc1 Bb7 13. Qa4 Qd6 14. d5 Ne5 15. Nd4 a6 16. Qb3 Rfc8 17. f3 Nd7 18. Kh1 Nc5 19. Qd1 Rc7 20. Qd2 Be5 21. g3 Rac8 1/2-1/2

[Event "CZE-chT2E 1617"]
[Site "Czech Republic"]
[Date "2017.01.29"]
[Round "7.6"]
[White "Bacak, Petr Jr"]
[Black "Mareckova, Martina"]
[Result "1/2-1/2"]
[WhiteElo "1970"]
[BlackElo "2143"]
[PlyCount "62"]
[EventDate "2016.09.10"]
[EventType "team-tourn"]
[EventRounds "11"]
[EventCountry "CZE"]
[SourceTitle "EXT 2022"]
[Source "ChessBase"]
[SourceDate "2021.10.06"]
[SourceVersion "1"]
[SourceVersionDate "2021.10.06"]
[SourceQuality "1"]
[WhiteTeam "Kromeriz Slavia II"]
[BlackTeam "Jundrov Jezdci"]
[WhiteTeamCountry "CZE"]
[BlackTeamCountry "CZE"]

1. Nf3 Nf6 2. c4 g6 3. Nc3 Bg7 4. g3 0-0 5. Bg2 d6 6. 0-0 e5 7. d3 Nc6 8. Rb1 a5 9. a3 Bd7 10. b4 axb4 11. axb4 Qc8 12. b5 Ne7 13. Qb3 Bh3 14. Bd2 Bxg2 15. Kxg2 Nd7 16. Ne4 Kh8 17. Bb4 b6 18. h4 Nc5 19. Bxc5 dxc5 20. h5 Qd7 21. Rh1 Kg8 22. hxg6 hxg6 23. Qd1 Nf5 24. Qg1 Nd4 25. Qh2 Rfe8 26. Qh4 Qd8 27. Qxd8 Rexd8 28. Nxd4 exd4 29. Ra1 f5 30. Ng5 Rxa1 31. Rxa1 Re8 1/2-1/2

[Event "Stare Mesto op"]
[Site "Stare Mesto"]
[Date "2016.08.07"]
[Round "3"]
[White "Bacak, Petr Jr"]
[Black "Kubosova, Jana"]
[Result "1-0"]
[WhiteElo "2007"]
[BlackElo "1800"]
[PlyCount "75"]
[EventDate "2016.08.05"]
[EventType "swiss"]
[EventRounds "10"]
[EventCountry "CZE"]
[SourceTitle "CBM 173 Extra"]
[Source "ChessBase"]
[SourceDate "2016.08.29"]
[SourceVersion "1"]
[SourceVersionDate "2016.08.29"]
[SourceQuality "1"]

1. e4 c5 2. Nf3 e6 3. d4 cxd4 4. Nxd4 Nf6 5. Bd3 Nc6 6. Nxc6 bxc6 7. 0-0 Qb6 8. Nc3 d5 9. Qf3 Bd6 10. Re1 e5 11. h3 h6 12. exd5 cxd5 13. Nxd5 Nxd5 14. Qxd5 Rb8 15. b3 Be6 16. Qf3 0-0 17. Bb2 Qc7 18. Rad1 f5 19. Bf1 e4 20. Qc3 Qxc3 21. Bxc3 Rfd8 22. Ba5 Rd7 23. a4 e3 24. fxe3 Bc5 25. Rxd7 Bxd7 26. Bc4+ Kh8 27. Bc7 Re8 28. Rd1 Rxe3 29. Kf1 Bc6 30. Bd6 Bb6 31. Rd3 Re8 32. Bb4 Be4 33. Rd2 Be3 34. Re2 Bb6 35. Be1 Rd8 36. c3 Rd1 37. Rd2 Rc1 38. Ra2 1-0

[Event "Stare Mesto op"]
[Site "Stare Mesto"]
[Date "2016.08.06"]
[Round "2"]
[White "Jurasek, Miroslav"]
[Black "Bacak, Petr Jr"]
[Result "1-0"]
[WhiteElo "2320"]
[BlackElo "2007"]
[PlyCount "153"]
[EventDate "2016.08.05"]
[EventType "swiss"]
[EventRounds "10"]
[EventCountry "CZE"]
[SourceTitle "CBM 173 Extra"]
[Source "ChessBase"]
[SourceDate "2016.08.29"]
[SourceVersion "1"]
[SourceVersionDate "2016.08.29"]
[SourceQuality "1"]

1. e4 c5 2. Nf3 d6 3. Bb5+ Nd7 4. 0-0 Ngf6 5. Re1 a6 6. Bf1 e6 7. c3 Be7 8. d4 0-0 9. Nbd2 e5 10. dxc5 Nxc5 11. b4 Ne6 12. Nc4 b5 13. Na5 Qc7 14. Bd2 Nc5 15. Qc2 Ncxe4 16. Rxe4 Bf5 17. Bd3 Bxe4 18. Bxe4 d5 19. Bf5 g6 20. Re1 e4 21. Nd4 gxf5 22. Nxf5 Bxb4 23. Nb3 Rac8 24. Re3 Kh8 25. Qd1 Bd6 26. Nxd6 Qxd6 27. Nd4 Qd7 28. h3 Rg8 29. Kh1 Rg6 30. g4 Rcg8 31. Rg3 Ne8 32. Bf4 Nd6 33. Ne2 f6 34. Qxd5 Rd8 35. Nd4 Nc4 36. Qxe4 Re8 37. Qf3 Ne5 38. Qg2 Qf7 39. Nf5 Qc4 40. Nd6 Qxf4 41. Nxe8 Rg8 42. Nd6 Rd8 43. Nf5 h6 44. Nd4 b4 45. Ne6 Rd1+ 46. Kh2 Qd2 47. Qa8+ Kh7 48. Qb7+ Nd7 49. Qxd7+ Qxd7 50. Nf8+ Kg7 51. Nxd7 bxc3 52. Rxc3 Rxd7 53. Ra3 Rd6 54. Ra5 Kg6 55. Kg3 Rc6 56. f3 Rb6 57. h4 Rc6 58. a4 Rb6 59. Rc5 Rb4 60. h5+ Kg7 61. Rc7+ Kg8 62. Rc6 Rxa4 63. Rxf6 Kg7 64. Rg6+ Kh7 65. f4 Ra3+ 66. Kg2 Ra2+ 67. Kf3 a5 68. Ra6 a4 69. Ra7+ Kg8 70. Ke4 a3 71. Kf5 Ra1 72. Kg6 Kf8 73. Kxh6 a2 74. Kg5 Kg8 75. h6 Kf8 76. h7 Rh1 77. Rxa2 1-0

[Event "CZE-chT2F 1516"]
[Site "Czech Republic"]
[Date "2016.02.21"]
[Round "8.48"]
[White "Bacak, Petr Jr"]
[Black "Zajicek, Petr"]
[Result "1-0"]
[WhiteElo "1980"]
[BlackElo "2048"]
[PlyCount "93"]
[EventDate "2015.10.18"]
[EventType "team-tourn"]
[EventRounds "11"]
[EventCountry "CZE"]
[SourceTitle "EXT 2022"]
[Source "ChessBase"]
[SourceDate "2021.10.06"]
[SourceVersion "1"]
[SourceVersionDate "2021.10.06"]
[SourceQuality "1"]
[WhiteTeam "Kromeriz Slavia II"]
[BlackTeam "Vsetin"]
[WhiteTeamCountry "CZE"]
[BlackTeamCountry "CZE"]

1. e4 Nf6 2. e5 Nd5 3. d4 d6 4. Nf3 Bg4 5. Be2 Nc6 6. exd6 Qxd6 7. 0-0 Nf4 8. Bxf4 Qxf4 9. c3 e6 10. g3 Qd6 11. Nbd2 Be7 12. Nc4 Qd8 13. Nce5 Nxe5 14. Nxe5 Bh3 15. Bb5+ c6 16. Bxc6+ bxc6 17. Qh5 Qd5 18. Qxh3 f6 19. Ng4 Kf7 20. Ne3 Qb5 21. Rfe1 Rae8 22. Rab1 h5 23. Qf1 Qa5 24. Qc4 h4 25. Qxe6+ Kxe6 26. Nc4+ Kd5 27. Nxa5 Bd8 28. Nb3 Kc4 29. Rbd1 Bb6 30. g4 a5 31. Nc1 a4 32. Ne2 Bc7 33. h3 Rb8 34. Rd2 Rhe8 35. Kf1 Re4 36. Nc1 Rbe8 37. Rxe4 Rxe4 38. Re2 Rxe2 39. Kxe2 a3 40. bxa3 Kxc3 41. Nb3 Kb2 42. Kd3 Kxa3 43. Nc5 g6 44. Nd7 Kxa2 45. Nxf6 Kb3 46. Nd7 g5 47. Nc5+ 1-0

[Event "CZE-chT2F 1516"]
[Site "Czech Republic"]
[Date "2015.12.06"]
[Round "4.46"]
[White "Bacak, Petr Jr"]
[Black "Kanok, Jaroslav"]
[Result "1-0"]
[WhiteElo "1980"]
[BlackElo "2149"]
[PlyCount "75"]
[EventDate "2015.10.18"]
[EventType "team-tourn"]
[EventRounds "11"]
[EventCountry "CZE"]
[SourceTitle "EXT 2022"]
[Source "ChessBase"]
[SourceDate "2021.10.06"]
[SourceVersion "1"]
[SourceVersionDate "2021.10.06"]
[SourceQuality "1"]
[WhiteTeam "Kromeriz Slavia II"]
[BlackTeam "Ostrava Labortech II"]
[WhiteTeamCountry "CZE"]
[BlackTeamCountry "CZE"]

1. e4 e6 2. d4 d5 3. exd5 exd5 4. Bd3 Bd6 5. Nf3 Bg4 6. Be3 Ne7 7. h3 Bh5 8. Nbd2 c6 9. c3 Nd7 10. Qc2 Qc7 11. a4 a5 12. b3 Bg6 13. 0-0 0-0 14. Rfe1 Rfe8 15. Nf1 Nf8 16. c4 Bb4 17. Bd2 Bxd2 18. Qxd2 Bh5 19. Re3 dxc4 20. bxc4 Rad8 21. g4 Bg6 22. Rae1 Bxd3 23. Rxd3 Nc8 24. Rxe8 Rxe8 25. Ng3 Nd6 26. Qf4 Ng6 27. Qc1 f6 28. c5 Nf7 29. Re3 Rf8 30. Nh5 Qd7 31. Qe1 Qd5 32. Qxa5 f5 33. Qc7 fxg4 34. hxg4 Qa2 35. Qd7 Qxa4 36. Ng5 Qa5 37. Re8 Ngh8 38. Rxf8+ 1-0

[Event "CZE-chT2E 1415"]
[Site "Czech Republic"]
[Date "2015.02.08"]
[Round "7.6"]
[White "Hofirek, Benedikt"]
[Black "Bacak, Petr Jr"]
[Result "1-0"]
[WhiteElo "2105"]
[BlackElo "2036"]
[PlyCount "95"]
[EventDate "2014.11.02"]
[EventType "team-tourn"]
[EventRounds "11"]
[EventCountry "CZE"]
[SourceTitle "EXT 2022"]
[Source "ChessBase"]
[SourceDate "2021.10.06"]
[SourceVersion "1"]
[SourceVersionDate "2021.10.06"]
[SourceQuality "1"]
[WhiteTeam "Brno Lokomotiva II"]
[BlackTeam "Kromeriz Slavia II"]
[WhiteTeamCountry "CZE"]
[BlackTeamCountry "CZE"]

1. d4 Nf6 2. c4 d6 3. Nf3 g6 4. Nc3 Bg7 5. e4 0-0 6. Be2 e5 7. 0-0 Nc6 8. d5 Ne7 9. Ne1 Nd7 10. Be3 f5 11. f3 f4 12. Bf2 g5 13. a4 Nf6 14. c5 Ng6 15. cxd6 cxd6 16. a5 Rf7 17. Nb5 g4 18. Bxa7 gxf3 19. Bxf3 Ne8 20. Be2 Bf8 21. Bb6 Qg5 22. Nf3 Qh6 23. Rc1 Nh4 24. Nxh4 Qxh4 25. Rxc8 Rxc8 26. Bg4 Rc1 27. Qxc1 Qxg4 28. Qd1 Qg6 29. Nc3 Nf6 30. Qf3 Rg7 31. b4 Qe8 32. Rc1 Be7 33. Qh3 Ng4 34. Nd1 Bd8 35. Bxd8 Qxd8 36. Nf2 Nxf2 37. Kxf2 Rc7 38. Rc3 Rxc3 39. Qxc3 Qh4+ 40. Kg1 Qg4 41. h3 Qd7 42. Qc4 Kf7 43. b5 Ke7 44. Kh2 Kd8 45. a6 bxa6 46. bxa6 Qg7 47. Qc3 h5 48. Qa3 1-0

[Event "CZE-chT2E 1415"]
[Site "Czech Republic"]
[Date "2014.11.16"]
[Round "2.5"]
[White "Bacak, Petr Jr"]
[Black "Dvoulety, Pavel"]
[Result "1/2-1/2"]
[WhiteElo "2036"]
[BlackElo "2121"]
[PlyCount "53"]
[EventDate "2014.11.02"]
[EventType "team-tourn"]
[EventRounds "11"]
[EventCountry "CZE"]
[SourceTitle "EXT 2022"]
[Source "ChessBase"]
[SourceDate "2021.10.06"]
[SourceVersion "1"]
[SourceVersionDate "2021.10.06"]
[SourceQuality "1"]
[WhiteTeam "Kromeriz Slavia II"]
[BlackTeam "Stare Mesto II"]
[WhiteTeamCountry "CZE"]
[BlackTeamCountry "CZE"]

1. e4 c5 2. Nc3 Nc6 3. g3 d6 4. Bg2 g6 5. Nge2 Bg7 6. d3 Rb8 7. 0-0 b5 8. Nd5 e6 9. Ne3 Nge7 10. c3 b4 11. f4 f5 12. g4 0-0 13. gxf5 exf5 14. exf5 Bxf5 15. Nxf5 Rxf5 16. Ng3 Rf8 17. Bd2 bxc3 18. bxc3 Qa5 19. Qe1 Qc7 20. Qe6+ Kh8 21. Rab1 Rbe8 22. Qc4 Nc8 23. Rfe1 Rxe1+ 24. Rxe1 Nb6 25. Qe6 Nd8 26. Qg4 Qf7 27. c4 1/2-1/2

[Event "Kromeriz op"]
[Site "Kromeriz"]
[Date "2014.05.08"]
[Round "2"]
[White "Mudrak, Josef"]
[Black "Bacak, Petr Jr"]
[Result "1/2-1/2"]
[WhiteElo "2350"]
[BlackElo "2075"]
[PlyCount "46"]
[EventDate "2014.05.07"]
[EventType "swiss"]
[EventRounds "7"]
[EventCountry "CZE"]
[SourceTitle "EXT 2016"]
[Source "ChessBase"]
[SourceDate "2015.10.08"]
[SourceVersion "1"]
[SourceVersionDate "2015.10.08"]
[SourceQuality "1"]

1. d4 Nf6 2. Nf3 g6 3. g3 Bg7 4. Bg2 d6 5. 0-0 0-0 6. a4 a5 7. Nbd2 Nbd7 8. e4 e5 9. dxe5 Nxe5 10. Nxe5 dxe5 11. Qe2 Nd7 12. Rd1 Qf6 13. b3 Rd8 14. Nc4 b6 15. Bb2 Ba6 16. Bf1 Qe6 17. Qf3 Bb7 18. Ne3 Nf6 19. Bd3 Qc6 20. Bxe5 Nxe4 21. Bxg7 Kxg7 22. Bc4 Nf6 23. Qxc6 Bxc6 1/2-1/2